00765 2200181 4500245009500000020002200095250001100117700001900128650001600147650001900163005001900182260004000201041001400241084001200255300002900267500027800296336000900574 aUntuk Negeriku b : Menuju Gerbang Kemerdekaan Sebuah Otobiografi 3cMulyawan KarimhText a978-979-709-540-6 aCet. 7 aMulyawan Karim aOtobiografi aMohammad Hatta a20231002130404 aJakartabPenerbit Buku Kompasc2016 aIndonesia a809.382 aviii, 230 hlm. :c21 cm. aSaat aku duduk dikelas III, pak gaekku akan pergi ke mekkah dan aku akan dibawanya menurut rencana yang sudah ditetapkan. Tetapi, beberapa minggu sebelum berangkat, ada desakan dari ibuku dan pamanku, supaya jangan aku yang ikut serta, melainkan pamanku yang bungsu, idris. atext